|
|
|
|
| LEADER |
00000nab a2200000 a 4500 |
| 001 |
vtls000836369 |
| 003 |
SK-MaSNL |
| 005 |
20260302162634.0 |
| 008 |
040806c2003 xo 0 slo |
| 015 |
|
|
|a SNBRB2003/06-15627
|
| 035 |
|
|
|a CLN000188024
|
| 040 |
|
|
|a SNKBUCL
|b slo
|c SNKBUCL
|e AACR2
|
| 041 |
0 |
|
|a slo
|
| 044 |
|
|
|a xo
|c SK
|
| 080 |
|
|
|a 061.1(100)
|2 UDC-MRF-SK2
|
| 080 |
|
|
|a 341.123:323(567)
|2 UDC-MRF-SK2
|
| 100 |
1 |
|
|a Sivák, Jozef,
|d 1945-
|4 aut
|9 18581
|
| 245 |
1 |
0 |
|a Prežije OSN?
|b ak moc podkopáva právo, ktoré vytvorila, smeruje k sebazničeniu
|c Jozef Sivák
|
| 610 |
|
7 |
|a OSN
|x Spojené štáty americké
|2 snkbucl
|9 862650
|
| 651 |
|
7 |
|a Spojené štáty americké
|x vojenská intervencia
|z Irak
|y 2003
|x OSN
|x rezolúcie
|2 snkbucl
|9 25304
|
| 655 |
|
7 |
|a články z novín a časopisov
|2 snkbucl
|9 267496
|
| 773 |
0 |
|
|x 1336-0248
|t Súvislosti
|g Roč. 2, č. 17 (2003), s. 15
|
| 850 |
|
|
|a Slovenská národná knižnica v Martine
|
| 852 |
|
|
|a SNK
|b KIS3GCP
|
| 999 |
|
|
|c 1380819
|d 1382749
|